000 00828nam a2200253 i 4500
001 18831
003 ES-MaACL
005 20230906151931.0
007 t|
008 020320s1977 sp ||||1| spa d
020 _a84-320-5635-9
080 _a929 Serrano Suñer, Ramón : 32
080 _a946.0"19"(093.32)
100 1 _aSerrano Suñer, Ramón,
_d1901-2003
_9105805
245 1 0 _aMemorias
_b: entre el silencio y la propaganda, la historia como fué /
_cRamón Serrano Suñer.
250 _a1ª ed.
260 _aBarcelona :
_bPlaneta,
_c1977.
300 _a559 p. :
_bil. ;
_c24 cm.
490 1 _aEspejo de España ;
_v35
651 4 _aEspaña-
_xHistoria-
_yS.XX-
_vRelatos personales.
_98365
830 0 _aEspejo de España ;
_v35
_9177692
852 _aES-MaACL
_jG-4641
_bR.130935
999 _c18831
_d18831